Olivia Rodrigo - SOUR Tracklist Sudden Death - Statistics

General Stats
  • This quiz has been taken 62 times
  • The average score is 9 of 11
Answers on the Grid
Answers color-coded by a green-red scale on the quiz's grid according to % correct below.
brutal
traitor
drivers license
1 step forward, 3 steps back
deja vu
good 4 u
enough for you
happier
jealousy, jealousy
favorite crime
hope ur ok
teenage dream
ballad of a homeschooled girl
all i want
new year's day
so american
vampire
taste
greedy
just like heaven
drop dead
stateside
enchanted
the grudge
 
Answer Stats
Answer % Correct
brutal
91%
1 step forward, 3 steps back
87%
traitor
87%
deja vu
85%
happier
85%
hope ur ok
85%
drivers license
83%
favorite crime
83%
enough for you
80%
good 4 u
80%
jealousy, jealousy
80%
No matching quizzes found
Score Distribution
Percent of People with Each Score
Percentile by Number Answered
Your Score History
You have not taken this quiz